000 01025nam a2200313Ia 4500
005 20220317001850.0
008 170410s2015 s g 000 f s
020 _a9788496580886
041 _aspa
100 1 _aKawabata, Yasunari
_d1899-1972
245 1 3 _aLa casa de las bellas durmientes
_cYasunari Kawabata ; traducción de M.C
250 _aPrimera edición, cuarta impresión
300 _a112 páginas
_c22 cm
490 _aNarrativa
500 _aIncluye datos biográficos del autor en la solapa
534 _tNemureru bijo
586 _aPremio Nobel de Literatura, 1968
650 1 4 _2LEMB
_aCuentos japoneses
_ySiglo XIX
650 1 4 _2LEMB
_aLiteratura japonesa
_ySiglo XX
650 1 4 _2LEMB
_aAmor en la literatura
650 1 4 _2LEMB
_aLiteratura erótica
942 _2loc
_cBKLIT
264 _aBarcelona
_bEmecé
_c2015
336 _atexto
_btxt
_2rdacontent
337 _asin mediación
_bn
_2rdamedia
338 _avolumen
_bnc
_2rdacarrier
040 _aCO-BoRNBP
_bspa
_erda
_cCO-BoRNBP
084 _aN KAW1
999 _c8354
_d8354